Largest Cities Relessness Could've Been to - Statistics

General Stats
  • This quiz has been taken 5 times
  • The average score is 12 of 20
Answer Stats
Population City % Correct
22.1 Million New York City
100%
11.4 Million Paris
100%
40.4 Million Tokyo
100%
19.8 Million Beijing
80%
8.2 Million Chongqing
80%
46.7 Million Guangzhou
80%
14.8 Million London
80%
33.6 Million Shanghai
80%
12.7 Million Tianjin
80%
9.0 Million Wuhan
80%
10.0 Million Xiamen
80%
9.6 Million Chengdu
60%
31.3 Million Jakarta
60%
17.7 Million Osaka
60%
16.0 Million Istanbul
40%
10.5 Million Nagoya
40%
8.9 Million Kuala Lumpur
20%
9.6 Million Bogotá
0%
8.5 Million Hangzhou
0%
10.1 Million Lima
0%
No matching quizzes found
Score Distribution
Percent of People with Each Score
Percentile by Number Answered
Your Score History
You have not taken this quiz